LIBRARY & INFORMATION CENTRE, KCAET, TAVANUR

ONLINE PUBLIC ACCESS CATALOGUE (OPAC)

C programming language / (Record no. 2596)

MARC details
000 -LEADER
fixed length control field 00539cam a2200205ua 4500
020 ## - INTERNATIONAL STANDARD BOOK NUMBER
ISBN 81 203 0596 5
041 ## - LANGUAGE CODE
Language code of text/sound track or separate title eng
082 ## - DEWEY DECIMAL CLASSIFICATION NUMBER
Classification number 005.133
Item number KER/PR
100 ## - MAIN ENTRY--AUTHOR NAME
Personal name Kernighan, Brian W .
245 ## - TITLE STATEMENT
Title C programming language /
250 ## - EDITION STATEMENT
Edition statement 2 /
260 ## - PUBLICATION, DISTRIBUTION, ETC. (IMPRINT)
Place of publication New Delhi :
Name of publisher Prentice Hall of India Pvt Ltd. ,
Year of publication 1988.
300 ## - PHYSICAL DESCRIPTION
Number of Pages 272 ; .
700 1# - ADDED ENTRY--PERSONAL NAME
Personal name Ritchie, Dennis M .
942 ## - ADDED ENTRY ELEMENTS (KOHA)
Koha item type Books
Holdings
Withdrawn status Lost status Damaged status Home library Current library Date acquired Full call number Accession Number Koha item type Shelving location Source of acquisition Cost, normal purchase price Collection code
      KAUAET KAUAET 07/04/2012 005.133 KER/PR 19165 Books        
      KAUAET KAUAET 07/04/2012 005.133 KER/PR 21861 Books        
      KAUAET KAUAET 18/08/2016 005.133 KER/PR BB 413 Book Bank scheme for SC students Scheme Penta Books Distributors, Calicut. 249.00  
      KAUAET KAUAET 31/03/2018 005.133 KER/PR 25623 Books General Stacks Aman Books, Calicut 349.00  
      KAUAET KAUAET 31/03/2018 005.133 KER/PR 25624 Books General Stacks Aman Books, Calicut 349.00  
free website counter